Ireland : EIU country profile 2007.
| Format: | Book |
|---|---|
| Published: |
London:
The Economist Intelligence Unit,
2007.
|
| Subjects: |
| LEADER | 00424cam a2200145 7i4500 | ||
|---|---|---|---|
| 001 | 0000019336 | ||
| 005 | 20071221090000.0 | ||
| 022 | 0 | 0 | |a 0269-5324 |
| 090 | 0 | 0 | |a IRLD 330.9 |b IRE |
| 245 | 0 | 0 | |a Ireland : |b EIU country profile 2007. |
| 260 | 0 | 0 | |a London: |b The Economist Intelligence Unit, |c 2007. |
| 300 | # | # | |a 46 p. |
| 650 | 0 | 0 | |a Ireland -- |x Country profile |
| 651 | 0 | 0 | |a Ireland |
| 999 | |a B000020394 |b Book |c Countries |e Business Information Centre | ||